Normal view MARC view

Entry Topical Term

Number of records used in: 1

001 - CONTROL NUMBER

  • control field: 54934

003 - CONTROL NUMBER IDENTIFIER

  • control field: OSt

005 - DATE AND TIME OF LATEST TRANSACTION

  • control field: 20250709120839.0

008 - FIXED-LENGTH DATA ELEMENTS

  • fixed length control field: 250709|| aca||aabn | a|a d

040 ## - CATALOGING SOURCE

  • Original cataloging agency: OSt
  • Transcribing agency: OSt

150 ## - HEADING--TOPICAL TERM

  • Topical term or geographic name entry element: dalit migrants, migration, construction workers, street corner, Unorganised labour market, caste discrimination

670 ## - SOURCE DATA FOUND

  • Source citation: Work cat.: (OSt): Sonpimple, Upendra and Nandgaye, Vicky 54933, From rural struggles to urban realities: labour market experiences of dalit migrants

Powered by Koha